000 00709cab a2200229 4500
001 WB2639-02
008 090401t1990 xxu||||| |||| 00| 0 eng d
035 _a(Sirsi) u74699
041 _aeng
245 _aBuilding industry still gloomy
260 _c1990
350 _a0
490 _aFinancial Times
_v1/10/90 p9
490 _aSunday Telegraph
_v30/9/90 p9
520 _aThe outlook for an already deeply depressed British construction industry is getting worse, according to a survey by RIBA . It says orders continue to fall.
650 _aASSOCIATION OF CONSULTANT ARCHITECTS
650 _aRECESSION
650 _aSLUMP
690 _aBUILT ENVIRONMENT
942 _n0
948 _c04/03/1997
999 _c47069
_d47069